Implementation of Windows Filtering Platform architecture in domain of infiltration detection

Enregistré dans:
Détails bibliographiques
Auteur principal: Šúň, Peter (Auteur)
Autres auteurs: Kaláb, Tomáš (Directeur de thèse)
Format: Manuscrit Livre
Langue:anglais
Publié: STU v Bratislave FIIT, 2009
Sujets:
Tags: Ajouter un tag
Pas de tags, Soyez le premier à ajouter un tag!

MARC

LEADER 00000ntm a22000003a 4500
001 stu201543
005 20180430155416.8
008 100324s2009----xo------------------eng-d
040 |a STU  |b slo 
041 0 |a eng 
044 |a xo 
100 1 |a Šúň, Peter  |4 aut  |u I100  |U FIIT Fakulta informatiky a informačných technológií  |T FIIT Ústav počítačových systémov a sietí  |U I100  |Y 178 
245 1 |a Implementation of Windows Filtering Platform architecture in domain of infiltration detection 
260 |b STU v Bratislave FIIT,  |c 2009 
300 |a 76 s  |c príl. 
650 7 |a počítačové inžinierstvo  |2 stusub 
700 1 |a Kaláb, Tomáš  |4 ths  |u I100  |U FIIT Fakulta informatiky a informačných technológií  |T FIIT Ústav počítačových systémov a sietí  |U I100  |Y 178 
996 |c I*DP133/09  |l II680  |s P  |a 0  |w stu201543_0001